Normal view MARC view
  • PEER Consultants.

Entry Corporate Name

Number of records used in: 4

001 - CONTROL NUMBER

  • control field: 6435

003 - CONTROL NUMBER IDENTIFIER

  • control field: NUST

005 - DATE AND TIME OF LATEST TRANSACTION

  • control field: 20171116103314.0

008 - FIXED-LENGTH DATA ELEMENTS

  • fixed length control field: 171116|| aca||aabn | a|a d

040 ## - CATALOGING SOURCE

  • Original cataloging agency: NUST
  • Transcribing agency: NUST

110 ## - HEADING--CORPORATE NAME

  • Corporate name or jurisdiction name as entry element: PEER Consultants.

670 ## - SOURCE DATA FOUND

  • Source citation: Work cat.: (NUST)0: Material recovery facility design manual /, c1993.
© 2023 Central Library, National University of Sciences and Technology. All Rights Reserved.